000 00233nam a2200097Ia 4500
008 190216s9999||||xx |||||||||||||| ||und||
100 _aDuluganov M
245 0 _aRadio Tharangam Sancharanam
260 _bKerala Basha Inst
942 _cBK
999 _c39353
_d39353